000 00644nam a2200241 i 4500
001 C2-0115007
003 PPAK
005 20180727104953.0
008 970713s1981 enk |||| ||||| | eng d
020 _a0340257199
040 _aPPAK
_beng
_cPPAK
_erda
082 0 4 _a332.15
_223
090 0 0 _a332.15
_bSAM
_dG
100 1 _aSampson, Anthony,
_eauthor
245 1 4 _aThe money lenders
264 1 _aLondon :
_bHodder & Stoughton ,
_c1981
300 _a336 pages ;
_c24 cm
336 _2rdacontent
_atext
337 _2rdamedia
_aunmediated
338 _2rdacarrier
_avolume
650 1 0 _aBanks and banking - International
942 _ddc
_cB
999 _c29586
_d29586